| 000 | 01019 a2200205 4500 | ||
|---|---|---|---|
| 020 | _a0071232451 | ||
| 020 | _a9780071232456 | ||
| 082 | 0 | 4 | _a658 |
| 090 |
_c2633 _d2633 |
||
| 100 | 1 | _aHiggins, Robert C. | |
| 245 | 1 | 0 |
_aAnalysis for financial management / _cRobert C. Higgins. |
| 250 | _a7th ed. | ||
| 260 |
_a[S.l.] : _bMcGraw Hill Higher Education, _c2003. |
||
| 300 |
_a432 p. ; _c23 cm. |
||
| 500 | _aPaperback. | ||
| 520 | _a"Analysis for Financial Management 8e" is a paperback text and has been written to present standard techniques and modern developments in a practical and intuitive manner. It is intended for non-financial managers and business students interested in the practice of financial management. The emphasis is on the managerial applications of financial analysis. | ||
| 856 | 4 | 0 |
_3Amazon.com _uhttp://www.amazon.com/exec/obidos/ASIN/0071232451/chopaconline-20 |
| 856 | 4 | 0 |
_3Amazon customer reviews _uhttp://www.chopac.org/cgi-bin/tools/azrev.pl?q=0071232451 |
| 942 |
_aNBS _cBK _k658.151 HIG |
||
| 999 |
_c345126 _d345126 |
||